00274nam a2200109 a 4500008004100000050001600041100002000057245002600077260003200103300002000135350000900155120416s1964 ||||||||||||||||| || u aTK 7871 Bro aBrophy, James J10aSemiconductor devices aNew YorkbMcGraw-Hillc1964 ax, 130p. : ill. a0.00